1177 1909 1861 1864 1669 1413 1561 1464 1352 1705 1965 1375 1271 1864 1635 1141 1706 1778 1197 1178 1033 1377 1524 1721 1540 1796 1308 1058 1225 1223 1084 1671 1413 1357 1089 1477 1126 1717 1697 1525 1863 1741 1491 1749 1722 1575 1336 1597 1694 1360 1489 1907 1693 1266 1061 1626 1112 1093 1165 1318 1816 1694 1139 1901 1244 1617 1098 1350 1147 1181 1407 1132 1172 1121 1068 1225 1333 1035 1210 1305 1197 1188 1446 1087 1154 1802 1075 1079 1159 1586 1640 1112 1731 1446 1084 1395 1674 1578 1122 BCNSPRNW ULIB Ver.6.0+V

เปลี่ยนเป็นภาษาไทย

Change to English
 แสดงรายละเอียดบรรณานุกรม
  กลับหน้าหลัก

Brief Record : Get Marc (ISO 2709) : E-mail record : QR code < ปิดหน้าต่าง
LEADER : 00000nam 2200000uu 4500
001    13399124324
003     ULIB
008    150317s2557||||th 000 0 tha d
060  4 ^aWY18.2^bส927
110    ^aกระทรวงสาธารณสุข.^bสำนักงานปลัดกระทรวงสาธารณสุข.^bสถาบันพระบรมราชชนก.^bเครือข่ายวิทยาลัยพยาบาลภาคเหนือ.
245    ^aสาระทบทวนวิชาการพยาบาลอนามัยชุมชน/^cคณาจารย์วิทยาลัยพยาบาลเครือข่ายภาคเหนือ สถาบันพระบรมราชชนก
250    ^aพิมพ์ครั้งที่ 1
260    ^aมปก :^bเครือข่ายวิทยาลัยพยาบาลภาคเหนือ สถาบันพระบรมราชชนก.,^c2557
300    ^a183 หน้า;^b30 ซม.
650    ^aการพยาบาลอนามัยชุมชน^xสาระทบทวน
650    ^aการพยาบาลอนามัยชุมชน^xเตรียมสอบ
700 0  ^aศุภาณ์นาฏ สุวรรณกิจ,^eบรรณาธิการ
700 0  ^aพิมพ์ใจ อุ่นบ้าน,^eบรรณาธิการ
945    ^p0^l0^i22940
945    ^p0^l0^i22941
999    ^aทศพร เกษรทอง
รายการนี้ยังไม่มีแท็ก
คุณยังไม่ได้ล็อกอิน คุณสามารถมีกิจกรรมร่วมกับเว็บไซต์ได้ แต่ต้องล็อกอินก่อน ::
  ล็อกอิน

รายการสื่อสารสนเทศ

ลำดับที่ ประเภท เลขเรียก/บาร์โค้ด สถานที่ สถานะ
1. Book การพยาบาล
Book การพยาบาล
WY18.2 ส927 ฉ.1 
  Barcode: 22940
ห้องสมุดวิทยาเขตนครสวรรค์
►หนังสือทั่วไป:l:General Books
บนชั้น
2. Book การพยาบาล
Book การพยาบาล
WY18.2 ส927 ฉ.2 
  Barcode: 22941
ห้องสมุดวิทยาเขตนครสวรรค์
►หนังสือทั่วไป:l:General Books
บนชั้น

BibComment


ยังไม่เคยถูกคอมเมนท์

คอมเมนท์ทรัพยากรรายการนี้
  คอมเมนท์: สาระทบทวนวิชาการ..


 Copyright 2026. Bcnsprnw @Library